Ansichten der Natur (Record no. 6108)
[ view plain ]
| 000 -CABECERA | |
|---|---|
| campo de control de longitud fija | 00775nam a2200265 a 4500 |
| 001 - NÚMERO DE CONTROL | |
| campo de control | BRCA_6424 |
| 005 - FECHA Y HORA DE LA ÚLTIMA TRANSACCIÓN | |
| campo de control | 20190320205440.0 |
| 008 - DATOS DE LONGITUD FIJA--INFORMACIÓN GENERAL | |
| campo de control de longitud fija | 210911s1949----gw-ac#####---#000-0#ger-# |
| 041 ## - CÓDIGO DE LENGUA | |
| Código de lengua del texto/banda sonora o título independiente | ger |
| 044 ## - CÓDIGO DEL PAÍS DE LA ENTIDAD EDITORA/PRODUCTORA | |
| Código MARC del país | gw |
| 050 #4 - SIGNATURA TOPOGRÁFICA DE LA BIBLIOTECA DEL CONGRESO | |
| Número de clasificación | Q171 |
| Número de documento/Ítem | .H85 1849 |
| 100 1# - ENTRADA PRINCIPAL--NOMBRE DE PERSONA | |
| Nombre de persona | Humboldt, Alexander von |
| Fechas asociadas al nombre | 1769-1859 |
| 9 (RLIN) | 16048 |
| 245 10 - MENCIÓN DE TÍTULO | |
| Título | Ansichten der Natur |
| Mención de responsabilidad, etc. | Alexander von Humboldt. |
| 250 ## - MENCIÓN DE EDICIÓN | |
| Mención de edición | 3 |
| 260 ## - PUBLICACIÓN, DISTRIBUCIÓN, ETC. | |
| Lugar de publicación, distribución, etc. | Leipzig, Alemania |
| Nombre del editor, distribuidor, etc. | Philipp Reclam |
| Fecha de publicación, distribución, etc. | 1849 |
| 300 ## - DESCRIPCIÓN FÍSICA | |
| Extensión | 434 p. |
| Otras características físicas | il., retratos |
| Dimensiones | 14 cm. |
| 500 ## - NOTA GENERAL | |
| Nota general | Incluye índice alfabético |
| 500 ## - NOTA GENERAL | |
| Nota general | L7 |
| 650 14 - PUNTO DE ACCESO ADICIONAL DE MATERIA--TÉRMINO DE MATERIA | |
| Término de materia o nombre geográfico como elemento de entrada | Ciencia |
| Subdivisión de forma | Discursos, ensayos, conferencias |
| 9 (RLIN) | 16049 |
| 650 14 - PUNTO DE ACCESO ADICIONAL DE MATERIA--TÉRMINO DE MATERIA | |
| Término de materia o nombre geográfico como elemento de entrada | Geografía física |
| 9 (RLIN) | 10483 |
| 650 14 - PUNTO DE ACCESO ADICIONAL DE MATERIA--TÉRMINO DE MATERIA | |
| Término de materia o nombre geográfico como elemento de entrada | Botánica |
| 9 (RLIN) | 15603 |
| 651 #4 - PUNTO DE ACCESO ADICIONAL DE MATERIA--NOMBRE GEOGRÁFICO | |
| Nombre geográfico | América del Sur |
| Subdivisión general | Descripción y viajes |
| 9 (RLIN) | 8178 |
| 902 ## - CATALOGADOR | |
| Iniciales | GFM |
| 942 ## - ELEMENTOS DE PUNTO DE ACCESO ADICIONAL (KOHA) | |
| Fuente del sistema de clasificación o colocación | Library of Congress Classification |
| Tipo de ítem Koha | Libros |
| Estado de retiro | Estado de pérdida | Estado dañado | No para préstamo | Localización permanente | Ubicación/localización actual | Fecha de adquisición | Número de inventario | Total de préstamos | Signatura topográfica completa | Código de barras | Fecha visto por última vez | Precio válido a partir de | Tipo de ítem Koha |
|---|---|---|---|---|---|---|---|---|---|---|---|---|---|
| El ejemplar forma parte de la colección y puede ser consultado según las políticas vigentes. | Biblioteca del Museo Franz Mayer (Rogerio Casas-Alatriste) | Biblioteca del Museo Franz Mayer (Rogerio Casas-Alatriste) | 21/09/2011 | L7 | Q171 .H85 1849 (L7) | 6871 | 22/03/2019 | 22/03/2019 | Libros |